000 00276nam a2200121 i 4500
001 bg
245 0 _aVycislitelnaja matematika i programnirowanie.
260 _aTbilisi,
_c1976.
040 _cBPK
041 _apol
942 _cKS
008 s pl f |000 0 pol
999 _c17426
_d17426
856 _uhttp://koha.tu.koszalin.pl/cgi-bin/koha/opac-detail.pl?biblionumber=17426
_yKatalog online BPK